| 000 | 00986nam0a2200253 4500 | ||
|---|---|---|---|
| 001 | RU\NLR\BIBL_A\012121982 | ||
| 005 | 20250627113922.0 | ||
| 010 |
_91000 _a5-7561-0202-7 |
||
| 035 | _a(NLR Aleph) 012121982 | ||
| 090 |
_a13297982 _c13297982 |
||
| 100 | _a20191016d1989 |||y0rusy50 ca | ||
| 101 | 0 | _aady | |
| 102 | _aRU | ||
| 105 | _ac z 000 y | ||
| 200 | 1 |
_aШъыпкъэныгъэм илъагъохэр _fЩэшIэ Казбек |
|
| 210 |
_aМыекъуапэ _cКраснодарскэ тхылъ тедзапIэм и адыгэ отделение _d1989 |
||
| 215 |
_a285, [2] с. _cпортр. _d20 |
||
| 541 | 1 |
_6z01790 _aДорогами правды _eлитературно-критические статьи _zrus |
|
| 700 | 1 |
_aЩэшIэ _bК. _gКазбек _4070 |
|
| 790 | 1 |
_4070 _7ca _8rus _aШаззо _bК. Г. _f1939-2015 _gКазбек Гиссович _9255251 _3RU\NLR\AUTH\770255307 |
|
| 852 |
_aNLR _bОНЛ _jАдыг./3-1077 |
||
| 942 | _cBOOK | ||
| 980 | _aNB | ||